[Event "Madrid-ch Seniors 50"]
[Site "Madrid"]
[Date "2020.01.16"]
[Round "4"]
[White "Pastor Alonso de Prado, Emilio Alberto"]
[Black "Vinas Lopez, Carlos"]
[Result "1-0"]
[WhiteElo "2074"]
[BlackElo "1860"]
[PlyCount "55"]
[EventDate "2020.01.13"]
[EventType "swiss"]
[EventRounds "9"]
[EventCountry "ESP"]
[SourceTitle "CBM 194 Extra"]
[Source "ChessBase"]
[SourceDate "2020.03.31"]
[SourceVersion "1"]
[SourceVersionDate "2020.03.31"]
[SourceQuality "1"]

1. e4 e6 2. d4 d5 3. e5 c5 4. c3 Qb6 5. Nf3 Bd7 6. Be2 cxd4 7. cxd4 Bb5 8. Nc3 Bxe2 9. Nxe2 Ne7 10. 0-0 Nec6 11. h4 Nd7 12. Nf4 Be7 13. Re1 Rc8 14. a3 a5 15. b3 Qa6 16. Re3 Nb6 17. Nd3 a4 18. Nc5 Qa7 19. Rb1 Nxd4 20. Nxd4 Bxc5 21. Nb5 Qa6 22. Nd6+ Bxd6 23. exd6 axb3 24. Qg4 Rxc1+ 25. Rxc1 Qxa3 26. Rxe6+ Kf8 27. Re8+ Kxe8 28. Rc8+ 1-0

[Event "Tres Cantos op 11th"]
[Site "Tres Cantos"]
[Date "2019.06.29"]
[Round "8"]
[White "Antonano Fedz Quincoces, Avelino"]
[Black "Vinas Lopez, Carlos"]
[Result "0-1"]
[WhiteElo "2083"]
[BlackElo "1882"]
[PlyCount "50"]
[EventDate "2019.06.22"]
[EventType "swiss"]
[EventRounds "9"]
[EventCountry "ESP"]
[SourceTitle "CBM 195 Extra"]
[Source "ChessBase"]
[SourceDate "2020.05.31"]
[SourceVersion "1"]
[SourceVersionDate "2020.05.31"]
[SourceQuality "1"]

1. e4 c5 2. Nf3 e6 3. d4 cxd4 4. Nxd4 Nf6 5. Nc3 Nc6 6. Ndb5 Bc5 7. Bf4 0-0 8. e5 a6 9. exf6 Qxf6 10. Bg3 axb5 11. Ne4 Qxb2 12. Bd3 Bb4+ 13. Kf1 d5 14. Rb1 Qd4 15. Ng5 f5 16. Qh5 h6 17. h4 Qf6 18. Bxb5 Rxa2 19. Bxc6 bxc6 20. Be5 Qxe5 21. Qg6 hxg5 22. hxg5 Ra1 23. Rh8+ Kxh8 24. Qh5+ Kg8 25. g6 Rxb1+ 0-1

[Event "Madrid-ch Previa-A"]
[Site "Madrid"]
[Date "2019.02.20"]
[Round "9"]
[White "Gueler Berdasco, Martin"]
[Black "Vinas Lopez, Carlos"]
[Result "1-0"]
[WhiteElo "1904"]
[BlackElo "1942"]
[PlyCount "41"]
[EventDate "2019.02.04"]
[EventType "swiss"]
[EventRounds "9"]
[EventCountry "ESP"]
[SourceTitle "EXT 2021"]
[Source "ChessBase"]
[SourceDate "2020.10.23"]
[SourceVersion "1"]
[SourceVersionDate "2020.10.23"]
[SourceQuality "1"]

1. c4 e5 2. g3 d6 3. Bg2 f5 4. d4 e4 5. Nc3 Nf6 6. f3 exf3 7. Nxf3 Be7 8. 0-0 0-0 9. Qd3 c6 10. Bg5 Ne4 11. Nxe4 fxe4 12. Qxe4 Re8 13. Qf4 Be6 14. d5 cxd5 15. Bxe7 Qxe7 16. Nd4 Bf7 17. Nf5 Qe5 18. Nxd6 Qxf4 19. Rxf4 Nc6 20. Nxe8 Rxe8 21. cxd5 1-0

[Event "Tres Cantos op 10th"]
[Site "Tres Cantos"]
[Date "2018.06.27"]
[Round "7.33"]
[White "Vinas Lopez, Carlos"]
[Black "Mejias Gonzalez, Pedro"]
[Result "1-0"]
[WhiteElo "1871"]
[BlackElo "1543"]
[PlyCount "31"]
[EventDate "2018.06.21"]
[EventType "swiss"]
[EventRounds "9"]
[EventCountry "ESP"]
[SourceTitle "EXT 2024"]
[Source "ChessBase"]
[SourceDate "2023.10.10"]
[SourceVersion "1"]
[SourceVersionDate "2023.10.10"]
[SourceQuality "1"]

1. d4 d5 2. Bf4 Nf6 3. e3 Bf5 4. c4 e6 5. Nc3 c6 6. Qb3 Qb6 7. c5 Qxb3 8. axb3 Nbd7 9. b4 Be7 10. b5 0-0 11. bxc6 bxc6 12. Ba6 Nh5 13. Bc7 Bd8 14. Bd6 Re8 15. Bb7 Be7 16. Bxa8 1-0